• 首页
  • 本馆介绍
  • 公告通知
  • 最新文献
  • 馆藏检索
  • 电子资源
  • 读者导购
  • 参考咨询
  • 我的图书馆
  • 登录
  • 详细信息显示
  • 放入我的书架
  • 预约/预借图书
  • 作者相关作品
  • 分类相关作品
  • 丛书相关作品
  • 出版社相关作品

书目信息

  • 表格格式
  • 工作单格式
  • 卡片格式
题名:
MATLAB在动态经济学中的应用
    
 
作者: 王翼 , 王歆明 编著
分册:  
出版信息: 北京   机械工业出版社  2006
页数: 218页
开本: 26cm
丛书名:
单 册:
中图分类: F019.2-39
科图分类:
主题词: 算法语言--应用--动态经济学 , 算法语言 , 动态经济学
电子资源:
ISBN: 7-111-18407-6
000 00957nam0 2200277 450
001 003107298
005 20070807111233.89
010    @a7-111-18407-6@dCNY25.00
035    @a003107298
100    @a20060104d2006 em y0chiy0110 ea
101 0  @achi
102    @aCN@b110000
105    @ay z 000yy
106    @ar
200 1  @aMATLAB在动态经济学中的应用@AMATLAB zai dong tai jing ji xue zhong de ying yong@f王翼,王歆明编著@Fwang yi, wang xin ming bian zhu
210    @a北京@c机械工业出版社@d2006
215    @a218页@d26cm
330    @a本书结合动态经济学的最基本的内容,介绍了MATLAB 7.0在经济系统的动态分析中的应用,内容涉及动态经济学的最重要的基础,并有应用MATLAB对经济系统进行动态分析的实例。
606 0  @a算法语言@x应用@x动态经济学
606 0  @a算法语言
606 0  @a动态经济学
690    @aF019.2-39@v4
701  0 @a王翼@Awang yi@4编著
701  0 @a王歆明@Awang xin ming@4编著
801  0 @aCN@bNLC@c20070807
905    @dF019.2-39@e361@f2
    
    MATLAB在动态经济学中的应用/王翼,王歆明编著.-北京:机械工业出版社,2006
    218页;26cm
    
    
    ISBN 7-111-18407-6:CNY25.00
    本书结合动态经济学的最基本的内容,介绍了MATLAB 7.0在经济系统的动态分析中的应用,内容涉及动态经济学的最重要的基础,并有应用MATLAB对经济系统进行动态分析的实例。
●
相关链接 在E读中查询图书 在五车中查询图书 在当当中查询图书 在豆瓣中查询图书


正题名:MATLAB在动态经济学中的应用     索取号:F019.2-39/361         预约/预借

序号 登录号 条形码 馆藏地/架位号 状态 备注
1 0853330   208533309   第一样本阅览室/ [索取号:F019.2-39/361] 在馆    
2 0853331   208533318   第一借阅区/ [索取号:F019.2-39/361] 在馆    
唐山师范学院图书馆 欢迎您!
大连网信软件有限公司© 版权所有